Drawing for designers / (Record no. 11153)

MARC details
000 -CABECERA
campo de control de longitud fija 00861nam a2200253 4500
003 - IDENTIFICADOR DEL NÚMERO DE CONTROL
campo de control OSt
005 - FECHA Y HORA DE LA ÚLTIMA TRANSACCIÓN
campo de control 20260530113842.0
008 - DATOS DE LONGITUD FIJA--INFORMACIÓN GENERAL
campo de control de longitud fija 260421b2007 enka|||| |||| 00| 0 eng d
020 ## - NÚMERO INTERNACIONAL ESTÁNDAR DEL LIBRO
Número Internacional Estándar del Libro 9781856695336 (rústica)
020 ## - NÚMERO INTERNACIONAL ESTÁNDAR DEL LIBRO
Número Internacional Estándar del Libro 1856695336 (rústica)
040 ## - FUENTE DE LA CATALOGACIÓN
Centro catalogador/agencia de origen ICI
Lengua de catalogación spa
Centro/agencia transcriptor ICI
050 4# - SIGNATURA TOPOGRÁFICA DE LA BIBLIOTECA DEL CONGRESO
Número de clasificación TS171
Número de documento/Ítem P56
100 1# - ENTRADA PRINCIPAL--NOMBRE DE PERSONA
Nombre de persona Pipes, Alan,
9 (RLIN) 30318
245 10 - MENCIÓN DE TÍTULO
Título Drawing for designers /
Mención de responsabilidad, etc. Alan Pipes
264 #1 - PRODUCCIÓN, PUBLICACIÓN, DISTRIBUCIÓN, FABRICACIÓN Y COPYRIGHT
Nombre del de productor, editor, distribuidor, fabricante L. King,
Fecha de producción, publicación, distribución, fabricación o copyright 2007
Producción, publicación, distribución, fabricación y copyright London :
300 ## - DESCRIPCIÓN FÍSICA
Extensión 224 páginas
Otras características físicas ilustraciones (principalmente a color)
Dimensiones 28cm.
336 ## - TIPO DE CONTENIDO
Término de tipo de contenido texto
Fuente rdacontent
337 ## - TIPO DE MEDIO
Nombre/término del tipo de medio sin medio
Fuente rdamedia
338 ## - TIPO DE SOPORTE
Nombre/término del tipo de soporte volumen
Fuente rdacarrier
500 ## - NOTA GENERAL
Nota general 'Drawing skills, concept sketches, computer systems, illustration, tools and materials, presentations, production techniques' - cubierta
650 4# - PUNTO DE ACCESO ADICIONAL DE MATERIA--TÉRMINO DE MATERIA
Término de materia o nombre geográfico como elemento de entrada Diseño industrial
9 (RLIN) 15218
650 4# - PUNTO DE ACCESO ADICIONAL DE MATERIA--TÉRMINO DE MATERIA
Término de materia o nombre geográfico como elemento de entrada Dibujo técnico
9 (RLIN) 30319
942 ## - ELEMENTOS DE PUNTO DE ACCESO ADICIONAL (KOHA)
Fuente del sistema de clasificación o colocación Library of Congress Classification
Tipo de ítem Koha

No items available.